| 000 | 00381nam a2200145Ia 4500 | ||
|---|---|---|---|
| 008 | 230917s9999||||xx |||||||||||||| ||und|| | ||
| 040 |
_e184494 _aMAIN |
||
| 041 | _aEnglish | ||
| 082 | _a417.0954 T31C | ||
| 100 | _aTewari, S P | ||
| 245 | 0 | _aContributions of sanskrit inscriptions of lexicography | |
| 260 |
_aDelhi _bAgam Kala Prakashan _c1987 |
||
| 300 | _a247 p. | ||
| 942 | _cBK | ||
| 999 |
_c56871 _d56871 |
||